000
00295nam a22001337a 4500
008
181121b xxu||||| |||| 00| 0 eng d
020
_a
0944132057
041
_a
eng
080
_a
610.73
100
_a
2
101
_a
INF
245
_a
The Nurse's Survival Guide
_c
Goodner, B
942
_2
udc
_c
BK
999
_c
52290
_d
52290